000 00533cam a2200193ua 4500
020 _a81-203-0848-4
_c150.00
041 _aeng
_h
082 _a004.16
_bRAF/MI
100 _aRafiquzzaman, M .
245 _aMicroprocessors: Theory and applications - Intel and Motorola /
_cM Rafiquzzaman.
_hTextual Documents
250 _a2 /
_b.
260 _aNew Delhi :
_bPrentice Hall of India Pvt Ltd. ,
_c1994.
300 _a468 ; .
365 _a150.00
500 _a*CSS
504 _a
942 _cBK
999 _c10108
_d10108